[Event "Sautron op 18th"]
[Site "Sautron "]
[Date "2018.10.20"]
[Round "2.26"]
[White "Pottier, Simeon"]
[Black "Bourel, Alain"]
[Result "1-0"]
[WhiteElo "2136"]
[BlackElo "1680"]
[PlyCount "47"]
[EventDate "2018.10.20"]
[EventType "swiss"]
[EventRounds "9"]
[EventCountry "FRA"]
[SourceTitle "EXT 2021"]
[Source "ChessBase"]
[SourceDate "2020.10.23"]
[SourceVersion "1"]
[SourceVersionDate "2020.10.23"]
[SourceQuality "1"]

1. e4 c5 2. Nf3 d6 3. d4 cxd4 4. Nxd4 Nf6 5. Nc3 a6 6. Be3 e6 7. Be2 Be7 8. 0-0 0-0 9. f4 Nbd7 10. g4 Nc5 11. Bf3 Qc7 12. g5 Ne8 13. Kh1 b5 14. a3 Rb8 15. f5 Na4 16. Nxa4 bxa4 17. g6 Nf6 18. gxf7+ Rxf7 19. fxe6 Rf8 20. Rg1 Re8 21. Bh5 Nxh5 22. Qxh5 Rf8 23. Nf5 Bf6 24. e7 1-0